| 000 | 01467nam a2200265 a 4500 | ||
|---|---|---|---|
| 001 | 38199 | ||
| 003 | BD-RjUL | ||
| 005 | 20211209052740.0 | ||
| 008 | 151005s2012 ii ||||| |||| 00| 0 eng d | ||
| 020 | _a9789381417027 | ||
| 020 | _a9789381417072 | ||
| 035 | _a(BD-RjUL)38304 | ||
| 040 |
_aBD-RjUL _beng _cBD-RjUL |
||
| 041 | _aeng | ||
| 082 |
_223 _a327.5405491 _bIND 2012 |
||
| 245 |
_aIndia-Pakistan relations, 1947-2007 : _ba documentary study / _cintroduced and edited by Avtar Singh Bhasin. _nVol. V. _pPolitical relations, 1990-2007. |
||
| 260 |
_aNew Delhi : _bGeetika Publishers, _c2012. |
||
| 300 |
_avarious pagings ; _c25 cm. |
||
| 505 | _aVol. I. Political relations, 1947-1954 -- vol. II. Political relations, 1955-1969 -- vol. III. Political relations, 1970-1974 -- vol. IV. Political relations, 1975-1989 -- vol. V. Political relations, 1990-2007; No war declaration -- vol. VI. Defence issues; Nuclear; Junagarh; Kashmir -- vol. VII. Kutch; Canal/Indus waters; Eastern waters -- vol. VIII. Trade and commerce; India-East Pakistan border; India-West Pakistan border -- vol. IX. Minorities; Evacuee property -- vol. X. Financial issues; Passport & visa; Miscellaneous. | ||
| 651 |
_aIndia _xForeign relations _zPakistan _vSources. _9118138 |
||
| 651 |
_aPakistan _xForeign relations _zIndia _vSources. _9118139 |
||
| 651 |
_aIndia _xForeign relations _y1947-1984 _vSources _9118140 |
||
| 700 |
_aBhasin, Avtar Singh _9118119 |
||
| 942 |
_2ddc _cBK |
||
| 999 |
_c38199 _d38199 |
||